Извлечение ионов фтора из водных сред при использовании минералов; Экология и безопасность в техносфере: современные проблемы и пути решения

Podrobná bibliografie
Parent link:Экология и безопасность в техносфере: современные проблемы и пути решения.— 2017.— [С. 440-442]
Hlavní autor: Плотников Е. В. Евгений Владимирович
Korporace: Национальный исследовательский Томский политехнический университет Исследовательская школа химических и биомедицинских технологий (ИШХБМТ), Национальный исследовательский Томский политехнический университет Инженерная школа новых производственных технологий (ИШНПТ) Научно-производственная лаборатория "Чистая вода" (НПЛ ЧВ)
Další autoři: Мартемьянова И. В., Сапрыкин Ф. Е. Филипп Евгеньевич
Shrnutí:Заглавие с экрана
В рамках данного исследования рассматриваются различные образцы минеральных пород (бентонит, диатомит, пирит и другие) на определение их удельной поверхности и удельного объёма пор и возможности извлечения ими из воды ионов фтора. Определены наиболее эффективные образцы минералов.
In this work, various samples of mineral rocks (bentonite, diatomite, pyrite and more) were studied to determine their specific surface area, specific pore volume and the possibility of extracting fluoride ions from water. The most effective samples of minerals were determined.
Jazyk:ruština
Vydáno: 2017
Edice:Экологические основы прогрессивных технологий
Témata:
On-line přístup:http://earchive.tpu.ru/handle/11683/46659
Médium: Elektronický zdroj Kapitola
KOHA link:https://koha.lib.tpu.ru/cgi-bin/koha/opac-detail.pl?biblionumber=626464

MARC

LEADER 00000naa2a2200000 4500
001 626464
005 20240201101757.0
035 |a (RuTPU)RU\TPU\conf\25842 
035 |a RU\TPU\conf\25839 
090 |a 626464 
100 |a 20180301d2017 k y0rusy50 ca 
101 0 |a rus 
102 |a RU 
105 |a y z 101zy 
135 |a drcn ---uucaa 
181 0 |a i  
182 0 |a b 
200 1 |a Извлечение ионов фтора из водных сред при использовании минералов  |f Е. В. Плотников, И. В. Мартемьянова, Ф. Е. Сапрыкин 
203 |a Текст  |c электронный 
225 1 |a Экологические основы прогрессивных технологий 
300 |a Заглавие с экрана 
320 |a [Библиогр.: с. 441-442 (17 назв.)] 
330 |a В рамках данного исследования рассматриваются различные образцы минеральных пород (бентонит, диатомит, пирит и другие) на определение их удельной поверхности и удельного объёма пор и возможности извлечения ими из воды ионов фтора. Определены наиболее эффективные образцы минералов. 
330 |a In this work, various samples of mineral rocks (bentonite, diatomite, pyrite and more) were studied to determine their specific surface area, specific pore volume and the possibility of extracting fluoride ions from water. The most effective samples of minerals were determined. 
463 0 |0 (RuTPU)RU\TPU\conf\25447  |t Экология и безопасность в техносфере: современные проблемы и пути решения  |o сборник трудов Всероссийской научно-практической конференции молодых ученых, аспирантов и студентов, г. Юрга, 23-25 ноября 2017 г.  |f Национальный исследовательский Томский политехнический университет (ТПУ), Юргинский технологический институт (ЮТИ) ; под ред. Д. А. Чинахова [и др.]  |v [С. 440-442]  |d 2017 
610 1 |a электронный ресурс 
610 1 |a труды учёных ТПУ 
610 1 |a минеральные породы 
610 1 |a ионы 
610 1 |a фтор 
610 1 |a химические примеси 
610 1 |a сорбционные свойства 
610 1 |a водоочистка 
700 1 |a Плотников  |b Е. В.  |c химик  |c доцент Томского политехнического университета, кандидат химических наук  |f 1983-  |g Евгений Владимирович  |3 (RuTPU)RU\TPU\pers\29838  |9 14314 
701 1 |a Мартемьянова  |b И. В. 
701 1 |a Сапрыкин  |b Ф. Е.  |c физик  |c инженер Томского политехнического университета  |f 1984-  |g Филипп Евгеньевич  |3 (RuTPU)RU\TPU\pers\28103 
712 0 2 |a Национальный исследовательский Томский политехнический университет  |b Исследовательская школа химических и биомедицинских технологий (ИШХБМТ)  |c (2017- )  |3 (RuTPU)RU\TPU\col\23537 
712 0 2 |a Национальный исследовательский Томский политехнический университет  |b Инженерная школа новых производственных технологий (ИШНПТ)  |b Научно-производственная лаборатория "Чистая вода" (НПЛ ЧВ)  |3 (RuTPU)RU\TPU\col\23657 
801 2 |a RU  |b 63413507  |c 20180312  |g RCR 
856 4 |u http://earchive.tpu.ru/handle/11683/46659 
942 |c BK